Statistiken für Alle Länder der Welt auf einer leeren Karte

Klicken Sie hier um das Quiz zu spielen!

Allgemein

  • Dieses Quiz wurde 191 mal gespielt
  • Das Durchschnittsergebnis liegt bei 96 aus 196

Antworten auf der Karte

Die Antworten werden auf der Karte rot bzw. grün angezeigt, abhängig davon wie oft sie richtig erraten wurden.
Laden ...
 

Antwortstatistiken

Antwort% Korrekt
Vereinigte Staaten von Amerika
82%
Kanada
80%
Deutschland
74%
Russland
73%
Frankreich
69%
Spanien
68%
China
67%
Italien
67%
Finnland
66%
Schweden
66%
Island
66%
Portugal
65%
Estland
64%
Norwegen
64%
Australien
64%
Schweiz
64%
Brasilien
64%
Dänemark
64%
Chile
64%
Argentinien
64%
Österreich
64%
Irland
64%
Mexiko
64%
Litauen
63%
Polen
63%
Belgien
62%
Lettland
62%
Niederlande
62%
Bolivien
61%
Kolumbien
61%
Albanien
61%
Slowakei
60%
Slowenien
60%
Luxemburg
60%
Marokko
59%
Andorra
59%
Uruguay
59%
Bulgarien
59%
Griechenland
59%
Japan
59%
Paraguay
58%
Peru
58%
Ägypten
58%
Irak
58%
Iran
58%
Rumänien
58%
Indien
58%
Türkei
58%
Kroatien
58%
Tschechische Republik
57%
Neuseeland
57%
Serbien
57%
Venezuela
57%
Monaco
57%
Indonesien
56%
Haiti
56%
Montenegro
56%
Liechtenstein
56%
Weißrussland
56%
Ukraine
55%
Vereinigtes Königreich
55%
Kasachstan
55%
Moldawien
54%
Malta
54%
Panama
54%
Südafrika
54%
San Marino
54%
Zypern
53%
Kuba
53%
Mazedonien
53%
Kosovo
53%
Vatikan
53%
Ungarn
53%
Usbekistan
53%
Algerien
53%
Nicaragua
52%
Niger
52%
Armenien
51%
Jemen
51%
Belize
51%
Thailand
51%
Bosnien und Herzegowina
51%
Nordkorea
51%
Mongolei
51%
Südkorea
51%
Israel
50%
Honduras
50%
Sri Lanka
50%
Guyana
50%
Nigeria
50%
Ecuador
50%
Jamaika
49%
Bahamas
49%
Costa Rica
49%
Saudi Arabien
49%
Afghanistan
49%
Sudan
48%
Libyen
48%
Pakistan
47%
Mali
47%
Guatemala
47%
Republik Kongo
47%
Vietnam
47%
Oman
47%
Ghana
47%
El Salvador
47%
Tunesien
47%
Trinidad und Tobago
47%
Madagaskar
47%
Laos
47%
Namibia
46%
Togo
46%
Mauretanien
46%
Taiwan
46%
Nepal
46%
Dominikanische Republik
46%
Südsudan
46%
Suriname
46%
Georgien
45%
Syrien
45%
Kenia
45%
Turkmenistan
45%
Dominica
45%
Bangladesch
44%
St. Lucia
44%
Bhutan
44%
Eritrea
44%
Antigua and Barbuda
44%
Libanon
43%
Angola
43%
Barbados
43%
Guinea
43%
Tadschikistan
42%
Birma
42%
Gambia
42%
Singapur
42%
Aserbaidschan
42%
Benin
42%
Malaysia
42%
Mauritius
42%
Lesotho
42%
Grenada
41%
Palau
41%
Osttimor
41%
Kuwait
41%
Kambodscha
40%
Föderierte Staaten von Mikronesien
40%
Jordanien
40%
Liberia
39%
Somalia
39%
Malawi
39%
Brunei
39%
Tschad
39%
Tuvalu
39%
St. Kitts und Nevis
39%
Fidschi
38%
Seychellen
38%
Äthiopien
38%
Vanuatu
38%
Tansania
38%
Burundi
38%
Sambia
38%
Marshallinseln
38%
Senegal
38%
Elfenbeinküste
38%
St. Vincent und die Grenadinen
37%
Tonga
37%
Nauru
37%
Malediven
37%
Sierra Leone
37%
Bahrain
36%
Samoa
36%
Burkina Faso
36%
Kiribati
36%
Katar
36%
Ruanda
36%
Swasiland
36%
Gabun
36%
Komoren
36%
Kap Verde
36%
Mosambik
35%
Dschibuti
35%
Kirgistan
35%
Kamerun
35%
Guinea-Bissau
35%
Äquatorial Guinea
35%
Papua Neuguinea
35%
São Tomé und Príncipe
35%
Uganda
34%
Botswana
33%
Salomonen
33%
Simbabwe
32%
Philipinen
31%
Zentralafrikanische Republik
31%
Vereinte Arabische Emirate
31%
Demokratische Republik Kongo
16%

Verteilung der Resultate

Perzentil nach korrekt beantworteten Fragen

Anzahl Personen mit jedem Resultat

Ihre Resultats-Entwicklung

Sie haben dieses Quiz noch nicht gespielt